000 00679nam a2200229 i 4500
001 C2-0180587
003 PPAK
005 20180728095315.0
008 981027s1997 my a|||| ||||| | may d
020 _a9839569619
040 _aPPAK
_beng
_cPPAK
_erda
082 0 4 _a641.8654
_2 23
090 0 0 _a641.8654
_bKEK
_dR
245 0 0 _aKek, biskut, puding dan kuih tradisional :
_bbahasa Malaysia - bahasa Inggeris
264 1 _aKuala Lumpur :
_bCrescent News ,
_c1997
300 _a75 pages :
_bcolour illustrations ;
_c29 cm
336 _2rdacontent
_atext
337 _2rdamedia
_aunmediated
338 _2rdacarrier
_avolume
650 1 0 _aCookies ; Desserts
942 _ddc
_cB
999 _c155954
_d155954